000 00265nam a2200109Ia 4500
008 200302s9999 xx 000 0 und d
100 _aLynne Gilberg
245 _aSouthern Living Roofing & Siding
260 _bOxmoor House Inc.,
260 _c2000
300 _a128 P.,
999 _c1481
_d1481